000 00428nam a2200169Ia 4500
001 10720
008 140331s9999 xx 000 0 und d
020 _a0-8133-1888-2
040 _cPK-LaUMT
082 _a 320.973
_bWHI-S
100 _aWhite, John Kenneth
245 _aStill seeing red : How the cold war shapes the new American
_cWhite, John Kenneth
260 _c1997
300 _a385 p.
546 _aEN
942 _cBK
999 _c11681
_d11681